Turkish drinks - Statistics

General Stats
  • This quiz has been taken 99 times
  • The average score is 6 of 8
Answer Stats
Picture Answer % Correct
Çay
98%
Kahve
94%
Ayran
91%
Uludağ
83%
Şalgam
76%
Salep
68%
Şerbet
55%
Boza
50%
No matching quizzes found
Score Distribution
Percent of People with Each Score
Percentile by Number Answered
Your Score History
You have not taken this quiz